Normal view
MARC view
- Supervisor Dr. Muhammad Mubasher Saleem
Entry Corporate Name
001 - CONTROL NUMBER
- control field: 84262
003 - CONTROL NUMBER IDENTIFIER
- control field: NUST
005 - DATE AND TIME OF LATEST TRANSACTION
- control field: 20211116151647.0
008 - FIXED-LENGTH DATA ELEMENTS
- fixed length control field: 211116|| aca||aabn | a|a d
040 ## - CATALOGING SOURCE
- Original cataloging agency: NUST
- Transcribing agency: NUST
110 ## - HEADING--CORPORATE NAME
- Corporate name or jurisdiction name as entry element: Supervisor Dr. Muhammad Mubasher Saleem
670 ## - SOURCE DATA FOUND
- Source citation: Work cat.: (NUST): Syed Ali Raza Bukhari 84261, TH-SOF-1859-Development Of Resonant And Non-Resonant MEMS Gyroscopes Using Commercial Foundry Process And Design Of Compensation Circuitry For Frequency Drift, Quadrature Error And Scale Factor Error, 2021.
